000 00601cam a2200193 i 4500
005 20260223123415.0
008 250721s9999 cc a gr 000 0 eng d
020 _a9781405495509
082 1 4 _a615.89/KUN
_bK U N
100 1 _a Dr. Ute, Kunkele
_eauthor.
245 1 0 _aHerbs for Healthy Living Recognition , Gathering, Use, and Effect /
_cDr. Ute Kunkel . Till R. Loheyer.
264 1 _aNEW YORK :
_bparrahon,
_c[200-].
300 _a319 page.
650 1 7 _aHERBACEOUS PLANTS.
650 1 7 _aPLANTS.
700 1 _alohmeyer, till
_eauthor.
942 _2ddc
_cBK
999 _c122621
_d122621